Normal view
MARC view
- المروزي، نعيم بن حماد بن معاوية بن الحارث ؛ ضبط وتعليق مجدي بن منصور بن سيد الشورى
Entry Personal Name
001 - CONTROL NUMBER
- control field: 56606
003 - CONTROL NUMBER IDENTIFIER
- control field: JO-AjAnu
005 - DATE AND TIME OF LATEST TRANSACTION
- control field: 20230606083257.0
008 - FIXED-LENGTH DATA ELEMENTS
- fixed length control field: 230606|| aca||aabn | a|a d
040 ## - CATALOGING SOURCE
- Original cataloging agency: JO-AjAnu
- Transcribing agency: JO-AjAnu
100 ## - HEADING--PERSONAL NAME
- Personal name: المروزي، نعيم بن حماد بن معاوية بن الحارث ؛ ضبط وتعليق مجدي بن منصور بن سيد الشورى
670 ## - SOURCE DATA FOUND
- Source citation: Work cat.: (JO-AjAnu)28884: المروزي، نعيم بن حماد بن معاوية بن الحارث ؛ ضبط وتعليق مجدي بن منصور بن سيد الشورى, author, الفتن